logo

Bir Sreshtho Munshi Abdur Rouf Library
Jhenaidah Cadet College

'৭১ কেচ্ছা / (Record no. 2075)

MARC details
000 -LEADER
fixed length control field 00627nam a2200229 a 4500
001 - CONTROL NUMBER
JCCL Control Number 2075
003 - CONTROL NUMBER IDENTIFIER
JCCL marc code BD-JhCC
005 - DATE AND TIME OF LATEST TRANSACTION
control field 20171030090817.0
008 - FIXED-LENGTH DATA ELEMENTS--GENERAL INFORMATION
fixed length control field 171029s2006 bg a|||| ||a| 000 0 ben d
035 ## - SYSTEM CONTROL NUMBER
system control number (BD-JhCC)2075
040 ## - CATALOGING SOURCE
Original cataloging agency BD-JhCC
Modifying agency BD-JhCC
041 ## - LANGUAGE CODE
Language code of Book ben
082 ## - DEWEY DECIMAL CLASSIFICATION NUMBER
Classification number 070
Author mark and Year ALV 2006
100 ## - MAIN ENTRY--PERSONAL NAME
Personal name আলভী, আবদাল আদিল
245 ## - TITLE STATEMENT
Title '৭১ কেচ্ছা /
Statement of responsibility, etc আবদাল আদিল আলভী,
260 ## - PUBLICATION, DISTRIBUTION, ETC. (IMPRINT)
Place of publication, distribution, etc Dhaka :
Name of publisher, distributor, etc Al-Yakub Press,
Date of publication, distribution, etc 2006
300 ## - PHYSICAL DESCRIPTION
Pagination 131 p. :
Dimensions 22 cm.
650 ## - SUBJECT ADDED ENTRY--TOPICAL TERM
Topical term or geographic name as entry element History Liberation war
650 ## - SUBJECT ADDED ENTRY--TOPICAL TERM
Topical term or geographic name as entry element Newspaper
942 ## - ADDED ENTRY ELEMENTS (KOHA)
Source of classification or shelving scheme Dewey Decimal Classification
Koha item type Books
Holdings
Source of classification or shelving scheme Damaged status Not for loan Home library Current library Shelving location Cost, normal purchase price Total Checkouts Full call number Barcode Date last seen Copy number Koha item type
Dewey Decimal Classification     JCC Rouf Library JCC Rouf Library General Stacks 175.00   070 ALV 2006 3232 10/29/2017 C-1 Books

JCC Library | Contacts | JCC Home

Last Update on 23 September 2017
Copyright @ 2017-2020 JCC Rouf Library
Rouf Library, Jhenidah Cadet College (JCC), Bangladesh